[Event "AUTO-OPEN-908"]
[Site "http://www.queenalice.com/game.php?id=307097"]
[Date "2007.11.20"]
[Round "1"]
[White "Sagat"]
[Black "nelson_cxc"]
[Result "1-0"]
[WhiteElo "1872"]
[BlackElo "1589"]

1. e4 e6 2. d4 d5 3. e5 c5 4. dxc5 Bxc5 5. Qg4 g6 6. Bb5+ Nc6 7. Bg5 Qa5+ 8. Nc3
d4 9. Bxc6+ bxc6 10. Bd2 dxc3 11. Bxc3 Qc7 12. Nf3 Ne7 13. b4 Bb6 14. O-O Nd5
15. Bd2 Ba6 16. Rfe1 h5 17. Qh4 Qe7 18. Qxe7+ Nxe7 19. Re4 Nd5 20. c4 Ne7 21. a4
Bb7 22. c5 Bc7 23. a5 Ba6 24. Rae1 Nd5 25. Nd4 Bd3 26. Nxc6 Bxe4 27. Rxe4 Kd7
28. Nd4 Rab8 29. Nf3 Ke7 30. h4 Rb5 31. Nd4 1-0

[Event "AUTO-OPEN-908"]
[Site "http://www.queenalice.com/game.php?id=307122"]
[Date "2007.11.20"]
[Round "1"]
[White "chiknya"]
[Black "Sagat"]
[Result "0-1"]
[WhiteElo "1426"]
[BlackElo "1870"]

1. d4 d5 2. Nf3 Nc6 3. Bf4 a6 4. e3 Bg4 5. h3 Bh5 6. Be2 h6 7. Ne5 Bxe2 8. Qxe2
Nxe5 9. Bxe5 e6 10. c4 f6 11. Bh2 Bd6 12. Nc3 Bxh2 13. Rxh2 Ne7 14. cxd5 Nxd5
15. Qg4 Qe7 16. Qg6+ Qf7 17. Qxf7+ Kxf7 18. Nxd5 exd5 19. g4 h5 20. gxh5 Rxh5
21. Ke2 Rah8 22. Rah1 Ke6 23. f3 Kf5 24. Kd3 Rh4 25. b4 g5 26. a4 Ke6 27. e4 f5
28. e5 g4 29. fxg4 fxg4 30. Rf2 Rxh3+ 31. Rxh3 gxh3 32. Rh2 b6 33. Ke3 c6 34.
Kf3 Kf5 35. Kg3 Rg8+ 36. Kxh3 c5 37. bxc5 bxc5 38. dxc5 Kxe5 39. Rd2 d4 40. c6
Rc8 41. Kg3 Rxc6 42. Re2+ Kd5 43. Kf3 Rc4 44. Ra2 a5 45. Kf4 d3+ 46. Ke3 Rd4 47.
Rd2 Rxa4 48. Rxd3+ Kc4 49. Rd4+ Kb3 50. Rd3+ Kc2 51. Rd2+ Kc1 52. Rd8 Rb4 53.
Ra8 a4 54. Kd3 Kb2 55. Rc8 a3 56. Rc2+ Kb3 57. Rc3+ Kb2 58. Rc2+ Kb1 59. Rh2 a2
60. Rh1+ Kb2 61. Rh2+ Ka3 62. Kc2 a1=Q 0-1

[Event "AUTO-OPEN-908"]
[Site "http://www.queenalice.com/game.php?id=307123"]
[Date "2007.11.20"]
[Round "1"]
[White "Sagat"]
[Black "chiknya"]
[Result "1-0"]
[WhiteElo "1834"]
[BlackElo "1100"]

1. e4 b6 2. d4 Bb7 3. d5 e6 4. c4 exd5 5. cxd5 Qh4 6. Qf3 Bc5 7. Be3 Bxe3 8.
Qxe3 Nf6 9. Bd3 O-O 10. Nf3 Qh5 11. h3 Na6 12. g4 Nxd5 13. gxh5 Nxe3 14. fxe3
Nc5 15. Bc2 Nxe4 16. Bxe4 Bxe4 17. O-O c5 18. Nc3 Bxf3 19. Rxf3 f5 20. Nd5 Rae8
21. Raf1 Re5 22. e4 Rxe4 23. Rxf5 Rxf5 24. Rxf5 Re2 25. Kf1 Rxb2 26. Ne7+ Kh8
27. Rf8# 1-0

[Event "AUTO-OPEN-908"]
[Site "http://www.queenalice.com/game.php?id=307138"]
[Date "2007.11.20"]
[Round "1"]
[White "Etesvaldo"]
[Black "Sagat"]
[Result "0-1"]
[WhiteElo "1323"]
[BlackElo "1877"]

1. d4 d5 2. c4 dxc4 3. e4 b5 4. a4 c6 5. axb5 cxb5 6. Nc3 e5 7. dxe5 Qxd1+ 8.
Kxd1 Bc5 9. Nxb5 Bb6 10. Nd6+ Ke7 11. Nxc8+ Ke6 12. Nxb6 axb6 13. Rxa8 Ne7 14.
Nf3 b5 15. Nd4+ Kxe5 16. Nxb5 Nec6 17. f3 Rd8+ 18. Ke1 Nd4 19. Kf2 Nbc6 20. Rxd8
Nxd8 21. Bxc4 f6 0-1

[Event "AUTO-OPEN-908"]
[Site "http://www.queenalice.com/game.php?id=307139"]
[Date "2007.11.20"]
[Round "1"]
[White "Sagat"]
[Black "Etesvaldo"]
[Result "1-0"]
[WhiteElo "1879"]
[BlackElo "1323"]

1. e4 c5 2. Nc3 e6 3. Nf3 Nf6 4. e5 Nd5 5. Nxd5 exd5 6. d4 Nc6 7. c3 d6 8. Bb5
Be7 9. Bxc6+ bxc6 10. h3 O-O 11. Qa4 cxd4 12. Qxc6 Rb8 13. Qxd5 dxc3 14. bxc3
Bb7 15. Qd4 Bxf3 16. gxf3 dxe5 17. Qxa7 Qc8 18. Bd2 Bc5 19. Qa5 Qc6 20. Ke2 1-0

[Event "Challenge"]
[Site "http://www.queenalice.com/game.php?id=310528"]
[Date "2007.11.26"]
[Round "-"]
[White "kalim"]
[Black "Sagat"]
[Result "1/2-1/2"]
[WhiteElo "1837"]
[BlackElo "1793"]

1. d4 d5 2. e4 dxe4 3. Nc3 Bf5 4. f3 Nf6 5. Bg5 Nd5 6. Nxe4 Bxe4 7. fxe4 h6 8.
Bh4 Ne3 9. Qd3 Nxf1 10. Kxf1 g5 11. Bf2 a6 12. d5 Bg7 13. c3 e6 14. Rd1 O-O 15.
Nf3 b6 16. Nd4 Qd6 17. dxe6 fxe6 18. Kg1 Bxd4 19. Bxd4 Nc6 20. e5 Nxe5 21. Bxe5
Qxe5 22. Qg6+ Kh8 23. Qxh6+ Kg8 24. Qg6+ Kh8 25. Qh6+ Kg8 26. Qg6+ Kh8 27. Qh6+
1/2-1/2

[Event "AUTO-ADV-731"]
[Site "http://www.queenalice.com/game.php?id=313967"]
[Date "2007.12.2"]
[Round "1"]
[White "Herivelto"]
[Black "Sagat"]
[Result "0-1"]
[WhiteElo "1736"]
[BlackElo "1830"]

1. f3 e5 2. c4 Nc6 3. b3 d5 4. cxd5 Qxd5 5. Bb2 Nf6 6. e4 Qa5 7. Bc4 Bb4 8. Ne2
O-O 9. a3 Bd6 10. O-O Bc5+ 11. Kh1 Bd4 12. Nxd4 Nxd4 13. b4 Qb6 14. Nc3 Be6 15.
Bxe6 Qxe6 16. Ne2 Rfd8 17. Rc1 Nb3 18. Rxc7 Rxd2 19. Qb1 Rxe2 20. Rd1 h6 21. Bc3
Nd4 22. Bxd4 exd4 23. Rxd4 Qa2 24. Qxa2 Re1# 0-1

[Event "AUTO-ADV-731"]
[Site "http://www.queenalice.com/game.php?id=313968"]
[Date "2007.12.2"]
[Round "1"]
[White "Sagat"]
[Black "Herivelto"]
[Result "1-0"]
[WhiteElo "1842"]
[BlackElo "1699"]

1. e4 c5 2. Bc4 d6 3. Nf3 Nf6 4. d3 g6 5. Nc3 Bg7 6. h3 O-O 7. Nd5 Nxd5 8. Bxd5
e6 9. Bb3 Nc6 10. a3 Nd4 11. Nxd4 Bxd4 12. c3 Bg7 13. Be3 b5 14. d4 c4 15. Bc2
Bb7 16. d5 exd5 17. exd5 Re8 18. O-O Re5 19. b3 Rxd5 20. Qe1 cxb3 21. Be4 Qc7
22. Bxd5 Bxc3 23. Rc1 Bxe1 24. Rxc7 Bxd5 25. Rxe1 a5 26. Ra7 Rc8 27. Bd4 h5 28.
Rxa5 Bc4 29. Rc1 Re8 30. a4 Re2 31. Ra8+ Kh7 32. Rh8# 1-0

[Event "AUTO-ADV-731"]
[Site "http://www.queenalice.com/game.php?id=313981"]
[Date "2007.12.2"]
[Round "1"]
[White "jamescow"]
[Black "Sagat"]
[Result "1-0"]
[WhiteElo "1832"]
[BlackElo "1828"]

1. e4 e5 2. Nf3 d6 3. d4 Bg4 4. dxe5 Bxf3 5. Qxf3 dxe5 6. Bc4 Nf6 7. O-O Qd4 8.
Bb3 Nc6 9. Rd1 Qxe4 10. Qxe4 Nxe4 11. Re1 Nc5 12. Bd5 Bd6 13. Bxc6+ bxc6 14. f4
Nd7 15. Bd2 O-O 16. fxe5 Bxe5 17. Bc3 Rfe8 18. Bxe5 Rxe5 19. Nc3 Rae8 20. Kf2
Rf5+ 21. Kg3 Rfe5 22. Rxe5 Rxe5 23. Rd1 Nf6 24. Kf4 Re8 25. Rd4 g6 26. Ra4 Rb8
27. b3 Rb7 28. Ra6 Kg7 29. Rxc6 Nh5+ 30. Ke5 Rb5+ 31. Nxb5 1-0

[Event "AUTO-ADV-731"]
[Site "http://www.queenalice.com/game.php?id=313982"]
[Date "2007.12.2"]
[Round "1"]
[White "Sagat"]
[Black "jamescow"]
[Result "0-1"]
[WhiteElo "1836"]
[BlackElo "1875"]

1. e4 e5 2. Nf3 Nc6 3. Bb5 a6 4. Bxc6 dxc6 5. d3 Bg4 6. h3 Bxf3 7. Qxf3 Qf6 8.
Qg3 Bc5 9. Be3 Bxe3 10. Qxe3 Ne7 11. Nd2 Ng6 12. Nc4 O-O 13. O-O-O b6 14. g3 Qe6
15. Kb1 Rad8 16. h4 Ne7 17. f4 exf4 18. Qxf4 Rd7 19. Ne5 Rd6 20. Nf3 c5 21. Ng5
Qf6 22. a3 h6 23. Nf3 Nc6 24. Rhe1 Qxf4 25. gxf4 Nd4 26. Ne5 Re8 27. c3 Nc6 28.
Nxc6 Rxc6 29. f5 Rf6 30. h5 b5 31. Kc2 c6 32. Kb3 Rd8 33. c4 Rd4 34. Kc3 Kh7 35.
b4 Rfd6 36. bxc5 Rd8 37. cxb5 axb5 38. Re3 Ra4 39. Kb2 Rda8 40. d4 b4 41. Rdd3
Rb8 42. axb4 Rbxb4+ 43. Kc3 Rc4+ 44. Kd2 Ra2+ 45. Ke1 Rh2 46. Rc3 Rxd4 47. e5
Rb4 48. Rb3 Rxb3 49. Rxb3 Rxh5 0-1

[Event "AUTO-ADV-731"]
[Site "http://www.queenalice.com/game.php?id=313989"]
[Date "2007.12.2"]
[Round "1"]
[White "kromata"]
[Black "Sagat"]
[Result "1-0"]
[WhiteElo "1922"]
[BlackElo "1866"]

1. d4 d5 2. c4 c6 3. Nf3 dxc4 4. e4 b5 5. a4 Bg4 6. axb5 cxb5 7. Nc3 e6 8. Nxb5
Bb4+ 9. Nc3 Bxf3 10. gxf3 Nf6 11. Bg5 h6 12. Bh4 Nbd7 13. Bxc4 Qc7 14. Qb3 Bxc3+
15. bxc3 O-O 16. Bd3 e5 17. O-O Rab8 18. Qa3 Nh5 19. Bg3 Ra8 20. Rfc1 Nf4 21.
Bxf4 exf4 22. c4 Qb6 23. Qc3 Qg6+ 24. Kh1 Qh5 25. Bc2 Qh4 26. Rg1 Rfe8 27. Qd2
Red8 28. Rg4 Qh5 29. Rag1 g6 30. Qxf4 g5 31. e5 Kf8 32. Qe3 f6 33. e6 Qe8 34.
Qa3+ Qe7 35. Qxe7+ Kxe7 36. exd7 Rxd7 37. Rb1 f5 38. Bxf5 Rc7 39. Bd3 Rf8 40.
Kg2 Kd6 41. Re4 Rcf7 42. Be2 g4 43. f4 h5 44. Kg3 Re7 45. Re5 Rxe5 46. fxe5+ Ke6
47. Ra1 1-0

[Event "AUTO-ADV-731"]
[Site "http://www.queenalice.com/game.php?id=313990"]
[Date "2007.12.2"]
[Round "1"]
[White "Sagat"]
[Black "kromata"]
[Result "0-1"]
[WhiteElo "1881"]
[BlackElo "1895"]

1. e4 c5 2. d4 cxd4 3. Qxd4 Nc6 4. Qe3 Nf6 5. h3 e6 6. a3 b6 7. e5 Nd5 8. Qg3
Qc7 9. Nf3 Bb7 10. Bd2 g6 11. Nc3 Nce7 12. Bd3 Nxc3 13. Bxc3 Nd5 14. Bd2 Bg7 15.
c4 Ne7 16. Bb4 Nf5 17. Bxf5 exf5 18. b3 Bxf3 19. Bd6 Qc6 20. Qxf3 Qxf3 21. gxf3
f4 22. O-O-O O-O-O 23. Rhg1 Rhe8 24. Rge1 Re6 25. Rd5 Rde8 26. h4 f6 27. c5 fxe5
28. b4 Kb7 29. cxb6 axb6 30. Kc2 Bf6 31. Kd3 h5 32. b5 Bxh4 33. Rexe5 Rxd6 34.
Rxd6 Rxe5 35. Rxd7+ Kc8 36. Rd6 Bxf2 37. Rxg6 Rxb5 38. Ke2 Be3 39. Rh6 Kb7 40.
a4 Rb2+ 41. Kf1 Rh2 42. Ke1 Ka6 43. Kf1 Ka5 44. Ke1 Kxa4 45. Rxb6 Bxb6 0-1

[Event "Challenge"]
[Site "http://www.queenalice.com/game.php?id=316971"]
[Date "2007.12.8"]
[Round "-"]
[White "Camaraujo"]
[Black "Sagat"]
[Result "1-0"]
[WhiteElo "2155"]
[BlackElo "1837"]

1. c4 e5 2. Nc3 Bb4 3. Nd5 Bc5 4. Nf3 Nc6 5. e3 e4 6. Ng5 Qxg5 7. Nxc7+ Kd8 8.
Nxa8 b6 9. h4 Qg6 10. h5 Qe6 11. b4 Bxb4 12. a3 Bc5 13. Bb2 f6 14. Rh4 Nh6 15.
Qb1 d5 16. d4 Bd6 17. cxd5 1-0

[Event "Challenge"]
[Site "http://www.queenalice.com/game.php?id=316972"]
[Date "2007.12.8"]
[Round "-"]
[White "Sagat"]
[Black "Camaraujo"]
[Result "0-1"]
[WhiteElo "1834"]
[BlackElo "2157"]

1. e4 e5 2. Nf3 Nc6 3. Bb5 a6 4. Bxc6 dxc6 5. d3 Bd6 6. Nc3 Nf6 7. h3 O-O 8. Bg5
b5 9. Qd2 a5 10. Ne2 Bb4 11. c3 Bd6 12. O-O c5 13. a3 c6 14. b3 Qe7 15. Rab1 Bd7
16. Ng3 h6 17. Bxf6 Qxf6 18. Qe2 Rfe8 19. Rfd1 a4 20. b4 cxb4 21. cxb4 c5 22.
bxc5 Bxc5 0-1

[Event "3 pra esquentar 2"]
[Site "http://www.queenalice.com/game.php?id=317538"]
[Date "2007.12.9"]
[Round "-"]
[White "Camaraujo"]
[Black "Sagat"]
[Result "1-0"]
[WhiteElo "2197"]
[BlackElo "1836"]

1. c4 e5 2. Nc3 d6 3. g3 a6 4. d4 exd4 5. Qxd4 Nc6 6. Qe3+ Qe7 7. Nd5 Qxe3 8.
Bxe3 Kd8 9. Nf3 Be6 10. Ng5 h6 11. Nxe6+ fxe6 12. Nf4 Kd7 13. Bh3 Nd8 14. Ng6
Ne7 15. Nxh8 g6 16. Bd4 c5 17. Bf6 Ndc6 18. Bg2 d5 19. Rd1 d4 20. f4 Ng8 21. Bh4
Nce7 22. Bxb7 Rb8 23. Bxa6 Rxb2 24. Bb5+ Kc7 25. a4 Bg7 26. Nf7 h5 27. Ng5 Kd6
28. Ne4+ Kc7 29. Nxc5 Kd6 30. Ne4+ Kc7 31. Ng5 Kd6 32. c5+ 1-0

[Event "Challenge"]
[Site "http://www.queenalice.com/game.php?id=317539"]
[Date "2007.12.9"]
[Round "-"]
[White "Camaraujo"]
[Black "Sagat"]
[Result "1-0"]
[WhiteElo "2173"]
[BlackElo "1812"]

1. c4 e5 2. Nc3 Nf6 3. Nf3 d6 4. d4 e4 5. Ng5 Bf5 6. g4 Bxg4 7. Bg2 Bf5 8. Qb3
Nc6 9. d5 Nd4 10. Qd1 Qe7 11. Qxd4 1-0

[Event "Challenge"]
[Site "http://www.queenalice.com/game.php?id=317540"]
[Date "2007.12.9"]
[Round "-"]
[White "Sagat"]
[Black "Camaraujo"]
[Result "0-1"]
[WhiteElo "1810"]
[BlackElo "2188"]

1. e4 e5 2. Nf3 Nc6 3. d4 exd4 4. Nxd4 Nf6 5. Nxc6 bxc6 6. Bg5 h6 7. Bxf6 Qxf6
8. Nc3 Ba3 9. Rb1 Bxb2 10. Na4 Be5 11. Bd3 Qd6 12. h3 Qa3 13. c3 Qxa2 14. O-O g5
15. Bc2 Qe6 16. Bb3 Qf6 17. c4 d6 18. c5 Ba6 19. Re1 Bd4 20. Qf3 Qxf3 21. gxf3
O-O 22. Rbc1 Rab8 23. Bd1 d5 24. Be2 Bc8 25. Kg2 f5 26. exf5 Bxf5 27. Nc3 Rb3
28. Nd1 Bd7 29. Bf1 Rbxf3 30. Rc2 Bxh3+ 31. Kg1 Bf5 32. Bg2 Bxc2 0-1